000 00204 a2200085 4500
020 _a9780062113580
100 _a Francesc Zamora
245 _aSourcebook of Contemporary Urban Design
260 _b Harper
_c2012
999 _c13670
_d13670